000 01638cam a22004694i 4500
003 PE-LiUPU
005 20250731184511.0
008 150623s1999 r 000 0 d
020 _a9972755051
035 _a(Sirsi) a163977
040 _aPE-LiUPU
_bspa
_cPE-LiUPU
_erda
082 0 4 _a985.064
_bP4
_221
100 1 _aOrtiz de Zevallos
_eautor.
245 1 3 _aEl Perú en los albores del siglo XXI-2 :
_bciclo de conferencias 1997-1998 /
_cOrtiz de Zevallos[y otros 14].
264 1 _aLima :
_bFondo Editorial del Congreso del Perú,
_c1998.
300 _a356 páginas :
_bilustraciones ;
_c21 centímetros
336 _atext
_2rdacontent
337 _aunmediated
_2rdamedia
338 _avolume
_2rdacarrier
500 _aCiclo de conferencias ofrecidas en el Congreso : 1997-1998.
504 _aIncluye bibliografía.
505 0 _aEconomía -- Lingüistica y antropología -- Geografía y ecología -- Educación y arte -- Ciencia.
526 _aP136
526 _aP135
526 _aP134
526 _aP133
526 _aP144
526 _aP143
526 _aP87
526 _aP35
526 _aP20
526 _aP14
526 _aP10
526 _aP06
650 0 4 _aEvolución social
650 0 4 _aEonomía
910 _ajck
_bncf
_cncf
_d20161005
596 _a1
942 _2ddc
_cBOOK
999 _a985.064 P4
_wDEWEY
_c12833
_i74814
_f2021-11-8
_g5
_lCCODEBUL1
_mBUL
_p14.55
_r0
_sY
_tBOOK
_u2016-10-5
_xBIBLIOTECA
_PP20
_0DONACION
_o.STAFF. Colección Ciencias Humanas y Educación
_d12833
980 _81
_gALBERTO SANCHEZ Responsable de Automatización